000 01398nam0a2200373 i 4500
001 RU\NLR\bibl\1882086
005 20241103124613.0
010 _a9785916711561
_95000
021 _aRU
_b2012-15678
_91179
035 _a(nilc)LIBNET\0000224894
035 _a(NLR Aleph) 001871846
090 _a2672130
_c2672130
100 _a20120404d2012 u y0rusy50 ca
101 1 _arus
_ceng
102 _aRU
105 _ay |||||||||
200 1 _aПравила родителей
_eперевод с английского
_fРичард Темплар
_g[пер.: Мария Кульнева]
205 _a4-е изд.
210 _aМосква
_cАНФ
_d2012
215 _a270 с.
_d22
300 _aЗагл. и авт. ориг.: The rules of parenting / Richard Templar
454 0 _12001#$aThe rules of parenting
_1700#1$aTemplar$bR.$gRichard$4070
_tThe rules of parenting
_aTemplar, Richard
606 _aДети и родители
_xСоциально-психологические исследования
_92055065
_3RU\NLR\auth\661232372
686 _a88.56
_vLBC/RL
_2rubbk
686 _aC550.325
686 _aC550.537
686 _aЮ984.92
700 1 _aТемплар
_bР.
_gРичард
_4070
801 0 _aRU
_bНБР Коми
_c20120404
_grcr
801 1 _aRU
_bНБР Коми
_c20120404
801 2 _aRU
_bNLR
_c20120320
_grcr
942 _cBOOK
980 _aNBR